<?xml version="1.0" encoding="UTF-8"?>
<record
    xmlns:xsi="http://www.w3.org/2001/XMLSchema-instance"
    xsi:schemaLocation="http://www.loc.gov/MARC21/slim http://www.loc.gov/standards/marcxml/schema/MARC21slim.xsd"
    xmlns="http://www.loc.gov/MARC21/slim">

  <leader>00698nmm a2200229 a 4500</leader>
  <datafield tag="999" ind1=" " ind2=" ">
    <subfield code="c">2019</subfield>
    <subfield code="d">2019</subfield>
  </datafield>
  <controlfield tag="006">m||||gq||d| 00| 0 </controlfield>
  <controlfield tag="007">cd gg a|aa|</controlfield>
  <controlfield tag="008">200124k19802012ii ||||gq||d| 00| 0 eng d</controlfield>
  <datafield tag="022" ind1=" " ind2=" ">
    <subfield code="a">2250-1967</subfield>
  </datafield>
  <datafield tag="040" ind1=" " ind2=" ">
    <subfield code="a">KO</subfield>
    <subfield code="b">eng</subfield>
  </datafield>
  <datafield tag="041" ind1="0" ind2=" ">
    <subfield code="a">eng</subfield>
  </datafield>
  <datafield tag="082" ind1="0" ind2="4">
    <subfield code="2">23</subfield>
    <subfield code="a">623.8705</subfield>
    <subfield code="b">M3385</subfield>
  </datafield>
  <datafield tag="245" ind1="0" ind2="0">
    <subfield code="a">Marine Engineers Review (India) :</subfield>
    <subfield code="b">journal of the Institute of Marine Engineers (India)</subfield>
    <subfield code="h">[electronic resource]</subfield>
  </datafield>
  <datafield tag="260" ind1=" " ind2=" ">
    <subfield code="a">Mumbai :</subfield>
    <subfield code="b">The Institute of Marine Engineers (India),</subfield>
    <subfield code="c">1980-2012</subfield>
  </datafield>
  <datafield tag="300" ind1=" " ind2=" ">
    <subfield code="a">9 computer disks ;</subfield>
    <subfield code="c">4 &#xBE; in</subfield>
  </datafield>
  <datafield tag="650" ind1=" " ind2="0">
    <subfield code="a">Marine engineering</subfield>
  </datafield>
  <datafield tag="710" ind1=" " ind2=" ">
    <subfield code="a">The Institute of Marine Engineers (India)</subfield>
  </datafield>
  <datafield tag="852" ind1=" " ind2=" ">
    <subfield code="a">KO</subfield>
  </datafield>
  <datafield tag="904" ind1=" " ind2=" ">
    <subfield code="a">RUDRA_R</subfield>
  </datafield>
  <datafield tag="905" ind1=" " ind2=" ">
    <subfield code="a">R_RANJAN</subfield>
  </datafield>
  <datafield tag="942" ind1=" " ind2=" ">
    <subfield code="c">CD</subfield>
  </datafield>
  <datafield tag="952" ind1=" " ind2=" ">
    <subfield code="0">0</subfield>
    <subfield code="1">0</subfield>
    <subfield code="2">ddc</subfield>
    <subfield code="4">0</subfield>
    <subfield code="6">623_870500000000000_M3385</subfield>
    <subfield code="7">0</subfield>
    <subfield code="8">ENGS</subfield>
    <subfield code="9">6131</subfield>
    <subfield code="a">KO</subfield>
    <subfield code="b">KO</subfield>
    <subfield code="c">REF</subfield>
    <subfield code="d">2013-01-09</subfield>
    <subfield code="e">M/s IMEI (Inv. No. 128 dt. 2012-12-29)</subfield>
    <subfield code="h">1980 (SEP - DEC), 1982, 1983, 1984</subfield>
    <subfield code="o">623.8705 M3385</subfield>
    <subfield code="p">BK000541A</subfield>
    <subfield code="r">2020-01-24</subfield>
    <subfield code="y">CD</subfield>
    <subfield code="z">Circulation Sec, Drawer No. 7</subfield>
  </datafield>
  <datafield tag="952" ind1=" " ind2=" ">
    <subfield code="0">0</subfield>
    <subfield code="1">0</subfield>
    <subfield code="2">ddc</subfield>
    <subfield code="4">0</subfield>
    <subfield code="6">623_870500000000000_M3385</subfield>
    <subfield code="7">0</subfield>
    <subfield code="8">ENGS</subfield>
    <subfield code="9">6132</subfield>
    <subfield code="a">KO</subfield>
    <subfield code="b">KO</subfield>
    <subfield code="c">REF</subfield>
    <subfield code="d">2013-01-09</subfield>
    <subfield code="e">M/s IMEI (Inv. No. 128 dt. 2012-12-29)</subfield>
    <subfield code="h">1984 - 1987</subfield>
    <subfield code="o">623.8705 M3385</subfield>
    <subfield code="p">BK000541B</subfield>
    <subfield code="r">2020-01-24</subfield>
    <subfield code="y">CD</subfield>
    <subfield code="z">Circulation Sec, Drawer No. 7</subfield>
  </datafield>
  <datafield tag="952" ind1=" " ind2=" ">
    <subfield code="0">0</subfield>
    <subfield code="1">0</subfield>
    <subfield code="2">ddc</subfield>
    <subfield code="4">0</subfield>
    <subfield code="6">623_870500000000000_M3385</subfield>
    <subfield code="7">0</subfield>
    <subfield code="8">ENGS</subfield>
    <subfield code="9">6133</subfield>
    <subfield code="a">KO</subfield>
    <subfield code="b">KO</subfield>
    <subfield code="c">REF</subfield>
    <subfield code="d">2013-01-09</subfield>
    <subfield code="e">M/s IMEI (Inv. No. 128 dt. 2012-12-29)</subfield>
    <subfield code="h">1988 - 1990</subfield>
    <subfield code="o">623.8705 M3385</subfield>
    <subfield code="p">BK000541C</subfield>
    <subfield code="r">2020-01-24</subfield>
    <subfield code="y">CD</subfield>
    <subfield code="z">Circulation Sec, Drawer No. 7</subfield>
  </datafield>
  <datafield tag="952" ind1=" " ind2=" ">
    <subfield code="0">0</subfield>
    <subfield code="1">0</subfield>
    <subfield code="2">ddc</subfield>
    <subfield code="4">0</subfield>
    <subfield code="6">623_870500000000000_M3385</subfield>
    <subfield code="7">0</subfield>
    <subfield code="8">ENGS</subfield>
    <subfield code="9">6134</subfield>
    <subfield code="a">KO</subfield>
    <subfield code="b">KO</subfield>
    <subfield code="c">REF</subfield>
    <subfield code="d">2013-01-09</subfield>
    <subfield code="e">M/s IMEI (Inv. No. 128 dt. 2012-12-29)</subfield>
    <subfield code="h">1991 - 1993</subfield>
    <subfield code="o">623.8705 M3385</subfield>
    <subfield code="p">BK000541D</subfield>
    <subfield code="r">2020-01-24</subfield>
    <subfield code="y">CD</subfield>
    <subfield code="z">Circulation Sec, Drawer No. 7</subfield>
  </datafield>
  <datafield tag="952" ind1=" " ind2=" ">
    <subfield code="0">0</subfield>
    <subfield code="1">0</subfield>
    <subfield code="2">ddc</subfield>
    <subfield code="4">0</subfield>
    <subfield code="6">623_870500000000000_M3385</subfield>
    <subfield code="7">0</subfield>
    <subfield code="8">ENGS</subfield>
    <subfield code="9">6135</subfield>
    <subfield code="a">KO</subfield>
    <subfield code="b">KO</subfield>
    <subfield code="c">REF</subfield>
    <subfield code="d">2013-01-09</subfield>
    <subfield code="e">M/s IMEI (Inv. No. 128 dt. 2012-12-29)</subfield>
    <subfield code="h">1994 - 1996</subfield>
    <subfield code="o">623.8705 M3385</subfield>
    <subfield code="p">BK000541E</subfield>
    <subfield code="r">2020-01-24</subfield>
    <subfield code="y">CD</subfield>
    <subfield code="z">Circulation Sec, Drawer No. 7</subfield>
  </datafield>
  <datafield tag="952" ind1=" " ind2=" ">
    <subfield code="0">0</subfield>
    <subfield code="1">0</subfield>
    <subfield code="2">ddc</subfield>
    <subfield code="4">0</subfield>
    <subfield code="6">623_870500000000000_M3385</subfield>
    <subfield code="7">0</subfield>
    <subfield code="8">ENGS</subfield>
    <subfield code="9">6136</subfield>
    <subfield code="a">KO</subfield>
    <subfield code="b">KO</subfield>
    <subfield code="c">REF</subfield>
    <subfield code="d">2013-01-09</subfield>
    <subfield code="e">M/s IMEI (Inv. No. 128 dt. 2012-12-29)</subfield>
    <subfield code="h">1997 - 1999</subfield>
    <subfield code="o">623.8705 M3385</subfield>
    <subfield code="p">BK000541F</subfield>
    <subfield code="r">2020-01-24</subfield>
    <subfield code="y">CD</subfield>
    <subfield code="z">Circulation Sec, Drawer No. 7</subfield>
  </datafield>
  <datafield tag="952" ind1=" " ind2=" ">
    <subfield code="0">0</subfield>
    <subfield code="1">0</subfield>
    <subfield code="2">ddc</subfield>
    <subfield code="4">0</subfield>
    <subfield code="6">623_870500000000000_M3385</subfield>
    <subfield code="7">0</subfield>
    <subfield code="8">ENGS</subfield>
    <subfield code="9">6137</subfield>
    <subfield code="a">KO</subfield>
    <subfield code="b">KO</subfield>
    <subfield code="c">REF</subfield>
    <subfield code="d">2013-01-09</subfield>
    <subfield code="e">M/s IMEI (Inv. No. 128 dt. 2012-12-29)</subfield>
    <subfield code="h">2000 - 2002</subfield>
    <subfield code="o">623.8705 M3385</subfield>
    <subfield code="p">BK000541G</subfield>
    <subfield code="r">2020-01-24</subfield>
    <subfield code="y">CD</subfield>
    <subfield code="z">Circulation Sec, Drawer No. 7</subfield>
  </datafield>
  <datafield tag="952" ind1=" " ind2=" ">
    <subfield code="0">0</subfield>
    <subfield code="1">0</subfield>
    <subfield code="2">ddc</subfield>
    <subfield code="4">0</subfield>
    <subfield code="6">623_870500000000000_M3385</subfield>
    <subfield code="7">0</subfield>
    <subfield code="8">ENGS</subfield>
    <subfield code="9">6139</subfield>
    <subfield code="a">KO</subfield>
    <subfield code="b">KO</subfield>
    <subfield code="c">REF</subfield>
    <subfield code="d">2013-01-09</subfield>
    <subfield code="e">M/s IMEI (Inv. No. 128 dt. 2012-12-29)</subfield>
    <subfield code="h">2003 - 2007, (JAN, MARC, MAY 2008)</subfield>
    <subfield code="o">623.8705 M3385</subfield>
    <subfield code="p">BK000541H</subfield>
    <subfield code="r">2020-01-24</subfield>
    <subfield code="y">CD</subfield>
    <subfield code="z">Circulation Sec, Drawer No. 7</subfield>
  </datafield>
  <datafield tag="952" ind1=" " ind2=" ">
    <subfield code="0">0</subfield>
    <subfield code="1">0</subfield>
    <subfield code="2">ddc</subfield>
    <subfield code="4">0</subfield>
    <subfield code="6">623_870500000000000_M3385</subfield>
    <subfield code="7">0</subfield>
    <subfield code="8">ENGS</subfield>
    <subfield code="9">6140</subfield>
    <subfield code="a">KO</subfield>
    <subfield code="b">KO</subfield>
    <subfield code="c">REF</subfield>
    <subfield code="d">2013-01-09</subfield>
    <subfield code="e">M/s IMEI (Inv. No. 128 dt. 2012-12-29)</subfield>
    <subfield code="h">2009 - 2012</subfield>
    <subfield code="o">623.8705 M3385</subfield>
    <subfield code="p">BK000541I</subfield>
    <subfield code="r">2020-01-24</subfield>
    <subfield code="y">CD</subfield>
    <subfield code="z">Circulation Sec, Drawer No. 7</subfield>
  </datafield>
</record>
